ගණිතය : ආදර්ශ හා පසුගිය විභාග ප්රශ්නෝත්තර/
Saved in:
| Main Author: | |
|---|---|
| Format: | Book |
| Language: | Undetermined Sinhalese |
| Published: |
කොළඹ 12 :
සීමාසහිත ඇමි.ඩී. ගුනසේන සහ සමාගම,
2010.
|
| Subjects: | |
| Tags: |
Add Tag
No Tags, Be the first to tag this record!
|
MARC
| LEADER | 00000nam a2200000Ia 4500 | ||
|---|---|---|---|
| 003 | LK-DoPL | ||
| 005 | 20220202212552.0 | ||
| 008 | 220202s9999 xx 000 0 und d | ||
| 020 | |a 9789552119224 | ||
| 040 | |a LK-DoPL |b sin |d LK-DoPL | ||
| 041 | |a sin | ||
| 082 | |a 510 |b ගුණසේ | ||
| 100 | |a ගුනසේකර, ඉනෝමා හේමශීඛා |9 389 | ||
| 245 | 0 | |a ගණිතය : |b ආදර්ශ හා පසුගිය විභාග ප්රශ්නෝත්තර/ |c ඉනෝමා හේමශීඛා ගුණසේකර | |
| 260 | |a කොළඹ 12 : |b සීමාසහිත ඇමි.ඩී. ගුනසේන සහ සමාගම, |c 2010. | ||
| 300 | |a පි.193 ; |c සෙ.මි.28 | ||
| 500 | |a නව විෂය නිර්දේශය සාමාන්ය පෙළ | ||
| 650 | |a ගණිතය | ||
| 942 | |c LBK | ||
| 999 | |c 2879 |d 2879 | ||